000 00509nam a22001697a 4500
005 20231204144926.0
008 231204b |||||||| |||| 00| 0 eng d
020 _a9780409003758 ; 9780409003758
041 _aEnglish
082 _a349 JOU
100 _lEnglish
245 _aThe Law of South Africa /
_cedited by JA Faris
260 _aDurban :
_bLexisNexis (Pty) Ltd,
_c2017
300 _bxvi, 538 pages ;
_c26 cm.
650 _aLegal practice
_bLaw
942 _cBK
_6ALISON_BN_VRIES
999 _c1116
_d1116